header

Mountbatten (Record no. 142782)

MARC details
000 -LEADER
fixed length control field 01301nam a2200325Ia 4500
082 04 - DEWEY DECIMAL CLASSIFICATION NUMBER
Classification number 941.082092
100 1# - MAIN ENTRY--AUTHOR NAME
Personal name Smith, Adrian,
245 10 - TITLE STATEMENT
Title Mountbatten
260 ## - PUBLICATION, DISTRIBUTION, ETC. (IMPRINT)
Place of publication London :
Name of publisher I.B. Tauris,
Year of publication 2010.
300 ## - PHYSICAL DESCRIPTION
Number of Pages xii, 384 p. :
Other physical details ill., ports.
650 #0 - SUBJECT ADDED ENTRY--TOPICAL TERM
Topical Term Admirals
Topical Term Nobility
Topical Term Viceroys
856 40 - ELECTRONIC LOCATION AND ACCESS
Uniform Resource Identifier http://site.ebrary.com/lib/rucke/Doc?id=10426325

No items available.

© 2026 Rongo University
Contact us: librarian | system librarian | Rongo university